000 00850nas a2200289 4500
001 BR8304281
003 BR-BrBNA
005 20231205085646.0
007 ta
008 230509b bl.|||p| |||| 00| 00por d
040 _aBR-BrBNA
_bpor
_cBiblioteca Nacional de Agricultura
041 _a(Pt)
072 _aF30
100 1 _aCarletto, G.A.
100 1 _aMonteiro, W.R.
100 1 _aBartley, B.G.D.
245 1 _aCriterios para selecao de hibridos com cacaueiro [Theobroma cacao, Bahia, Brasil]
650 _aCACAU
650 _aHIBRIDACAO
650 _aCRUZAMENTO VEGETAL
650 _aLINHAGEM
650 _aBAHIA
773 0 _tRevista Theobroma (Brazil)
_xISSN 0370-7962
_g(Oct-Dec 1983), v. 13(4) p. 315-320
_wBR8304281
856 4 0 _dLink DSPACE/MAPA BR8304281
909 _a202311
_bLúcia
_c55
_dLúcia Elande
942 _2AGRIS
_n0
_cANA
999 _c112858
_d112858